=LDR 00000nam 2200000 4500 =001 INLIS000000000036828 =005 20130612142606 =008 ***********************************Ind** =035 ##$$0010-061300000036828 =041 ##$$a Ind =082 ##$$a 813 =090 ##$$a 813, Snu b =100 ##$$a Snucket, Lemony =245 ##$$a Bahaya berlanjut, Lemony Snucket ; alih bahasa, Primadona Angela =260 ##$$a 2009 $b Jakarta =300 ##$$a 333 hlm, ilus, 15 cm =650 ##$$a Fiksi Indonesia-terjemahan =850 ##$$a NBPNMAT =990 ##$$a 0001/BPAP-NTB/20142014 =990 ##$$a 0083/BPAP-NTB/2015 =990 ##$$a 0001/BPAP-NTB/2016